[Event "Pan American-ch U20"]
[Site "Vila Santa Cecilia"]
[Date "2023.11.06"]
[Round "2.3"]
[White "De Siqueira, Luigy Lira"]
[Black "Oro, Faustino"]
[Result "1/2-1/2"]
[WhiteElo "2179"]
[BlackElo "2377"]
[PlyCount "87"]
[EventDate "2023.11.06"]
[EventType "swiss"]
[EventRounds "9"]
[EventCountry "BRA"]
[SourceTitle "CB46_2023"]
[SourceDate "2023.11.15"]
[SourceVersion "1"]
[SourceVersionDate "2023.11.15"]
[SourceQuality "1"]

1. e4 e5 2. Nf3 Nc6 3. d4 exd4 4. Nxd4 Bc5 5. Be3 Qf6 6. c3 Nge7 7. Bc4 b6 8. 0-0 Bb7 9. Nb3 Ne5 10. Nxc5 bxc5 11. Nd2 Nxc4 12. Nxc4 Ba6 13. b3 Bxc4 14. bxc4 Qc6 15. Qg4 Ng6 16. Rad1 d6 17. Rd5 0-0 18. f4 Rfe8 19. Qf3 Nh4 20. Qh3 Rxe4 21. Bc1 Rxc4 22. Rh5 Qxg2+ 23. Qxg2 Nxg2 24. Kxg2 Rxc3 25. Rd5 Re8 26. Rd2 Kf8 27. Kf2 f6 28. Rg1 Kf7 29. Rgd1 Rb8 30. Bb2 Rc4 31. Kg3 Rbb4 32. Rf2 Re4 33. Rd3 Ke6 34. h3 Ra4 35. a3 Re1 36. Kg2 Ree4 37. Kg3 c4 38. Rc3 d5 39. Rfc2 d4 40. Rxc4 Rxc4 41. Rxc4 Re3+ 42. Kf2 Rxh3 43. Bxd4 Rxa3 44. Rxc7 1/2-1/2

[Event "Caxambu op"]
[Site "Caxambu"]
[Date "2023.07.21"]
[Round "3"]
[White "De Siqueira, Luigy Lira"]
[Black "Mendes Domingues, Ribeiro Matheus"]
[Result "1/2-1/2"]
[WhiteElo "2014"]
[BlackElo "2257"]
[PlyCount "139"]
[EventDate "2023.07.20"]
[EventType "swiss"]
[EventRounds "7"]
[EventCountry "BRA"]
[SourceTitle "CBM 215 Extra"]
[Source "ChessBase"]
[SourceDate "2023.09.30"]
[SourceVersion "1"]
[SourceVersionDate "2023.09.30"]
[SourceQuality "1"]

1. e4 e6 2. d4 d5 3. Nd2 c5 4. Ngf3 cxd4 5. exd5 Qxd5 6. Bc4 Qd6 7. 0-0 Nf6 8. Nb3 Nc6 9. Nbxd4 Nxd4 10. Qxd4 Qxd4 11. Nxd4 a6 12. a4 Bc5 13. Nb3 Be7 14. Be3 0-0 15. Rfd1 Bd7 16. Nd4 b5 17. axb5 Bxb5 18. Bxb5 axb5 19. Nc6 Bd6 20. Rxa8 Rxa8 21. Na7 Be5 22. c3 Ng4 23. g3 Nxe3 24. fxe3 g6 25. Rd7 b4 26. cxb4 Bxb2 27. Rb7 Rd8 28. b5 Bc1 29. Kf2 Rd2+ 30. Kf3 Rd3 31. Nc6 Rxe3+ 32. Kg2 Re2+ 33. Kf1 Rxh2 34. b6 Rb2 35. Rb8+ Kg7 36. b7 Bg5 37. Na5 Bf6 38. Rc8 Be5 39. Nc4 Rb1+ 40. Kg2 Bxg3 41. Kxg3 Rxb7 42. Nd6 Rb3+ 43. Kf4 f6 44. Rc7+ Kh6 45. Nf7+ Kh5 46. Rc5+ g5+ 47. Ke4 Rb4+ 48. Kf3 f5 49. Re5 g4+ 50. Kg3 Rb3+ 51. Kg2 Kh4 52. Rxe6 Rb2+ 53. Kg1 f4 54. Nh6 Kh3 55. Nxg4 Kxg4 56. Re7 h5 57. Rg7+ Kf3 58. Rh7 Rb1+ 59. Kh2 Kf2 60. Rxh5 f3 61. Ra5 Rb2 62. Ra1 Re2 63. Rb1 Re1 64. Rb2+ Ke3 65. Rb3+ Kf4 66. Rb4+ Re4 67. Rb8 Ke3 68. Kg3 Re7 69. Rb3+ Ke2 70. Rb2+ 1/2-1/2

[Event "Niteroi op 2nd"]
[Site "Niteroi"]
[Date "2022.09.04"]
[Round "5"]
[White "De Siqueira, Luigy Lira"]
[Black "Gauche, Charles"]
[Result "1-0"]
[WhiteElo "1969"]
[BlackElo "2219"]
[PlyCount "60"]
[EventDate "2022.09.01"]
[EventType "swiss"]
[EventRounds "9"]
[EventCountry "BRA"]
[SourceTitle "CBM 210 Extra"]
[Source "ChessBase"]
[SourceDate "2022.11.30"]
[SourceVersion "1"]
[SourceVersionDate "2022.11.30"]
[SourceQuality "1"]

1. e4 c5 2. Nf3 e6 3. d4 cxd4 4. Nxd4 a6 5. Bd3 Qc7 6. 0-0 Nf6 7. Qe2 d6 8. c4 Nbd7 9. Nc3 Ne5 10. Bf4 Be7 11. Kh1 h6 12. Bd2 b6 13. f4 Nxd3 14. Qxd3 Bb7 15. f5 e5 16. Nc2 Bc6 17. Nb4 Rc8 18. Rac1 Qb7 19. Ncd5 Nxd5 20. Nxd5 Bg5 21. Bxg5 hxg5 22. Qe3 f6 23. Rfd1 Rh4 24. g3 Rh8 25. Qa3 Rd8 26. Kg1 Kf7 27. Qb3 Kg8 28. a4 a5 29. Rd3 Qb8 30. Qa3 Re8 1-0

[Event "Florianopolis op 8th"]
[Site "Florianopolis"]
[Date "2022.01.25"]
[Round "2"]
[White "Caetano, Hugo Zanotti Mendon"]
[Black "De Siqueira, Luigy Lira"]
[Result "1-0"]
[WhiteElo "2161"]
[BlackElo "1853"]
[PlyCount "55"]
[EventDate "2022.01.24"]
[EventType "swiss"]
[EventRounds "10"]
[EventCountry "BRA"]
[SourceTitle "CBM 206 Extra"]
[Source "ChessBase"]
[SourceDate "2022.03.31"]
[SourceVersion "1"]
[SourceVersionDate "2022.03.31"]
[SourceQuality "1"]

1. d4 Nf6 2. Nf3 c5 3. e3 d5 4. c4 cxd4 5. exd4 e6 6. Nc3 Be7 7. c5 Nc6 8. a3 Ne4 9. Qc2 Qa5 10. Rb1 Nxc3 11. b4 Qa4 12. Qxc3 Bf6 13. Be3 0-0 14. Bd3 Re8 15. Bc2 Qa6 16. Qd2 e5 17. b5 Qxa3 18. bxc6 exd4 19. Nxd4 bxc6 20. 0-0 Qxc5 21. Rfc1 Qd6 22. Nxc6 g6 23. Nd4 Bd7 24. Bd3 a6 25. Bf4 Be5 26. Bxe5 Qxe5 27. Be2 a5 28. Bb5 1-0

[Event "BRA-ch U14"]
[Site "Juiz de Fora"]
[Date "2021.10.10"]
[Round "3"]
[White "De Siqueira, Luigy Lira"]
[Black "Julca, Jean Pietro Mendes"]
[Result "1-0"]
[WhiteElo "1903"]
[BlackElo "1405"]
[PlyCount "89"]
[EventDate "2021.10.09"]
[EventType "swiss"]
[EventRounds "6"]
[EventCountry "BRA"]
[SourceTitle "EXT 2023"]
[Source "ChessBase"]
[SourceDate "2022.10.05"]
[SourceVersion "1"]
[SourceVersionDate "2022.10.05"]
[SourceQuality "1"]

1. e4 e5 2. Nf3 Nc6 3. d4 exd4 4. Nxd4 Qh4 5. Nc3 Bb4 6. Ndb5 Qxe4+ 7. Be2 Bxc3+ 8. bxc3 Kd8 9. 0-0 a6 10. Nd4 Nxd4 11. cxd4 Ne7 12. Bc4 d5 13. Re1 Qg6 14. Bd3 Qf6 15. Re5 h6 16. Ba3 Be6 17. c4 c6 18. Bxe7+ Kxe7 19. cxd5 cxd5 20. Qb3 b5 21. Qxd5 Rhd8 22. Qc5+ Ke8 23. Rae1 Rac8 24. Qb4 Qe7 25. Qb2 Kf8 26. d5 Rc5 27. Be4 Qf6 28. Qb4 Qxe5 29. Qxc5+ Ke8 30. f4 Qd6 31. Qxd6 Rxd6 32. dxe6 Rxe6 33. f5 Rd6 34. Bc2+ Kf8 35. Kf2 a5 36. Re2 b4 37. Ba4 g6 38. fxg6 fxg6 39. Bb3 Ra6 40. Re6 Ra7 41. Rxg6 a4 42. Rg8+ Ke7 43. Rg7+ Kd6 44. Rxa7 axb3 45. axb3 1-0

[Event "Goiania op"]
[Site "Goiania"]
[Date "2021.02.28"]
[Round "6"]
[White "De Siqueira, Luigy Lira"]
[Black "Labussiere, Victor"]
[Result "0-1"]
[WhiteElo "1852"]
[BlackElo "2310"]
[PlyCount "36"]
[EventDate "2021.02.26"]
[EventType "swiss"]
[EventRounds "6"]
[EventCountry "BRA"]
[SourceTitle "EXT 2022"]
[Source "ChessBase"]
[SourceDate "2021.10.06"]
[SourceVersion "1"]
[SourceVersionDate "2021.10.06"]
[SourceQuality "1"]

1. e4 c5 2. Nf3 d6 3. d4 cxd4 4. Nxd4 Nf6 5. Nc3 Nc6 6. Bg5 e6 7. Qd2 Qb6 8. Bxf6 gxf6 9. Nb3 Bd7 10. 0-0-0 0-0-0 11. Kb1 h5 12. f4 Kb8 13. f5 Na5 14. g3 Be7 15. Bh3 Nc4 16. Qd4 Qc7 17. fxe6 fxe6 18. Bxe6 Bxe6 0-1